Real estate

Αποθηκεύτηκε σε:
Λεπτομέρειες βιβλιογραφικής εγγραφής
Κύριος συγγραφέας: Wofford, Larry Eugene
Άλλοι συγγραφείς: Clauretie, Terrence M.
Μορφή: Βιβλίο
Γλώσσα:English
Δημοσίευση: New York : John Wiley and sons, c1992
Έκδοση:3rd ed.
Θέματα:
Ετικέτες: Προσθήκη ετικέτας
Δεν υπάρχουν, Καταχωρήστε ετικέτα πρώτοι!

MARC

LEADER 00000nam a2200000 i 4500
001 1/5104
008 000602s1992 eng d
020 |a 0-471-54848-0 
035 |l 10061467 
040 |a GR-MY-UA  |b gre  |e aacr 
041 0 |a eng 
082 0 |a 333.33 
100 1 |a Wofford, Larry Eugene. 
245 1 0 |a Real estate /  |c Larry E. Wofford, Terrence M. Clauretie 
250 |a 3rd ed. 
260 |a New York :   |b John Wiley and sons,   |c c1992 
300 |a xx, 665 σ.;  |b εικ.;  |c 24 εκ. 
504 |a Περιέχει βιβλιογραφικές παραπομπές και ευρετήριο 
650 0 0 |a Real estate business. 
700 1 |a Clauretie, Terrence M. 
852 |a INST  |b LESVOS  |e 20000602  |h 333.33 WOF  |p 005100026436  |q 005100026436  |t BK  |y 0 
901 |a BIBL1-2000-2 
909 |a Λ  |b 080144 
922 |a 1ΕΛΗ  |b 200005  |c ΚΠΣ/ΤΓ  |d LEADER 
950 |a 118-1999-09-20 
970 |a ΤΖΑΦΕΡΗ  |b ΕΥΑΓΓΕΛΙΑ  |z 2000/06/06